Internal Currency Convertibility Survey of Issues and Practice

Enregistré dans:
Détails bibliographiques
Auteur principal: Kyei, Alexander
Autres auteurs: Yoshimura, Takashi
Format: Livre
Langue:anglais
Publié: Washington International Monetary Fund 1996
Édition:1. ed.
Collection:IMF Working Paper 10
Sujets:
Tags: Ajouter un tag
Pas de tags, Soyez le premier à ajouter un tag!

MARC

LEADER 00000nam a2200000 4500
001 c017458
005 20221205125318.6
041 0 |a eng 
044 |a US 
245 1 0 |a Internal Currency Convertibility  |b Survey of Issues and Practice  |c Alexander Kyei, Takashi Yoshimura 
250 |a 1. ed. 
264 1 |a Washington  |b International Monetary Fund  |c 1996 
300 |a 32 s. 
490 1 |a IMF Working Paper  |v 10 
830 0 |a IMF Working Paper  |v 10 
610 2 0 |a mena 
610 2 0 |a konvertibilita 
610 2 0 |a vklady 
610 2 0 |a devízy 
610 2 0 |a politika menová 
610 2 0 |a krajiny rozvojové 
610 2 0 |a krajiny vyspelé 
610 2 0 |a SVE 
610 2 0 |a porovnanie medzinárodné 
100 1 |a Kyei, Alexander 
700 1 |a Yoshimura, Takashi